| 000 | 00614cam a2200217 4500500 | ||
|---|---|---|---|
| 005 | 20260329002957.0 | ||
| 041 | _afre | ||
| 042 | _adc | ||
| 100 | 1 | 0 |
_aRogé, Antoine _eauthor |
| 245 | 0 | 0 | _aMission impensable / Mai 2014 |
| 260 | _c2014. | ||
| 500 | _a68 | ||
| 690 | _aDynamique | ||
| 690 | _aEntéléchie | ||
| 690 | _aMouvement | ||
| 690 | _aPhysique | ||
| 690 | _aPotentiel | ||
| 690 | _aPuissance | ||
| 786 | 0 | _nPhilosophie magazine | 79 | 5 | 2014-05-01 | p. 61-63 | 1951-1787 | |
| 856 | 4 | 1 | _uhttps://shs.cairn.info/magazine-philosophie-magazine-2014-5-page-61?lang=fr&redirect-ssocas=7080 |
| 999 |
_c1820205 _d1820205 |
||